Daños y deberes en las tratativas preliminares de un contrato

Gardado en:
Detalles Bibliográficos
Autor Principal: Barrientos Zamorano, Marcelo (Author)
Formato: Libro
Idioma:Lingua castelá
Publicado: Santiago Legal Publishing 2008
Edición:1a. ed
Subjects:
Tags: Engadir etiqueta
Sen Etiquetas, Sexa o primeiro en etiquetar este rexistro!

MARC

LEADER 00000cam a2200000 a 4500
001 UCG9078
003 CL-VaPUC
008 120120e20080900CL |||||||||||||||||spa|d
020 |a 9789562387880 
082 0 4 |a 368.5  |b BAR  |2 21 
100 0 |a Barrientos Zamorano, Marcelo  |e author  |9 560473 
245 1 0 |a Daños y deberes en las tratativas preliminares de un contrato 
250 |a 1a. ed 
300 |a 142 p 
942 |c BK 
945 |d 20120120 00:00:00  |a dcastane 
260 |a Santiago  |b Legal Publishing  |c 2008 
650 7 |a DAÑOS Y PERJUICIOS  |2 CL-VaPUC  |9 560474 
650 0 |a Ordenamiento jurídico   |9 355371 
650 0 |a Derecho comparado  |9 255664 
650 0 |a Código civil  |9 256135 
583 |a last modification  |c 20120120 10:38:00  |k Rodrigo Vera 
999 |c 346652  |d 346650 
952 |0 0  |1 0  |4 0  |6 368_500000000000000_BAR_2008  |7 0  |8 A  |9 447452  |a BIBDER  |b BIBDER  |d 2019-11-22  |i 4816307  |l 1  |o 368.5 BAR 2008  |p 4816307  |r 2023-07-07  |s 2022-09-05  |w 2019-11-22  |y BK  |k DER